000 00370nam a2200133Ia 4500
008 220204s9999 xx 000 0 und d
082 _aNR:633.912.11:581.2
_bSHA;1
100 _aSanderson, A R
245 0 _aRoot disease problem on old rubber areas in Malaya
260 _aMalaysia
_bRRIM
_c1931
650 _aRubber root disease
700 _aSharples, A
942 _cBK
999 _c43478
_d43478